Digital media and society : (Record no. 19241)
[ view plain ]
| 000 -LEADER | |
|---|---|
| fixed length control field | 01833cam a22003497a 4500 |
| 001 - CONTROL NUMBER | |
| control field | 18252784 |
| 005 - DATE AND TIME OF LATEST TRANSACTION | |
| control field | 20150503125744.0 |
| 008 - FIXED-LENGTH DATA ELEMENTS--GENERAL INFORMATION | |
| fixed length control field | 140804s2014 enk frb 001 0 eng d |
| 015 ## - NATIONAL BIBLIOGRAPHY NUMBER | |
| National bibliography number | GBB465229 |
| Source | bnb |
| 020 ## - INTERNATIONAL STANDARD BOOK NUMBER | |
| International Standard Book Number | 9781137393616 (hardback) |
| 020 ## - INTERNATIONAL STANDARD BOOK NUMBER | |
| International Standard Book Number | 1137393610 (hardback) |
| 020 ## - INTERNATIONAL STANDARD BOOK NUMBER | |
| International Standard Book Number | 9781137393623 (paperback) |
| 020 ## - INTERNATIONAL STANDARD BOOK NUMBER | |
| International Standard Book Number | 1137393629 (paperback) |
| 040 ## - CATALOGING SOURCE | |
| Original cataloging agency | DLC |
| Language of cataloging | eng |
| Transcribing agency | DLC |
| Modifying agency | EG-ScBUE |
| 082 04 - DEWEY DECIMAL CLASSIFICATION NUMBER | |
| Edition number | 22 |
| Classification number | 303.4833 |
| Item number | WHI |
| 100 1# - MAIN ENTRY--PERSONAL NAME | |
| Personal name | White, Andrew, |
| Dates associated with a name | 1970- |
| 9 (RLIN) | 37776 |
| 245 10 - TITLE STATEMENT | |
| Title | Digital media and society : |
| Remainder of title | transforming economics, politics and social practices / |
| Statement of responsibility, etc | Andrew White. |
| 260 ## - PUBLICATION, DISTRIBUTION, ETC. (IMPRINT) | |
| Place of publication, distribution, etc | Basingstoke, Hampshire ; |
| -- | New York : |
| Name of publisher, distributor, etc | Palgrave Macmillan, |
| Date of publication, distribution, etc | 2014. |
| 300 ## - PHYSICAL DESCRIPTION | |
| Extent | xiii, 222 p. ; |
| Dimensions | 22 cm. |
| 500 ## - GENERAL NOTE | |
| General note | Index : p. 217-222. |
| 504 ## - BIBLIOGRAPHY, ETC. NOTE | |
| Bibliography, etc | Bibliography : p. 196-216. |
| 505 0# - FORMATTED CONTENTS NOTE | |
| Formatted contents note | Politics and digital media: the impact of digital media on the public and private spheres. From the public to the private: the digitization of scholarship -- From the private to the public: online identity -- Digital media and politics in the liberal democratic state -- The digital economy. The digital economy and the creative industries -- The digital economy and the global financial crisis -- Digital media use. Reading/using digital media -- The new social movements -- Surveillance: the role of databases in contemporary societies -- Digital media use in the developing world -- Epilogues. |
| 650 #7 - SUBJECT ADDED ENTRY--TOPICAL TERM | |
| Topical term or geographic name as entry element | Information society. |
| Source of heading or term | BUEsh |
| 9 (RLIN) | 37393 |
| 650 #7 - SUBJECT ADDED ENTRY--TOPICAL TERM | |
| Topical term or geographic name as entry element | Digital media |
| General subdivision | Social aspects. |
| Source of heading or term | BUEsh |
| 9 (RLIN) | 37777 |
| 650 #7 - SUBJECT ADDED ENTRY--TOPICAL TERM | |
| Topical term or geographic name as entry element | Mass media |
| General subdivision | Technological innovations. |
| Source of heading or term | BUEsh |
| 9 (RLIN) | 37780 |
| 650 #7 - SUBJECT ADDED ENTRY--TOPICAL TERM | |
| Topical term or geographic name as entry element | Information technology |
| General subdivision | Social aspects. |
| Source of heading or term | BUEsh |
| 9 (RLIN) | 37778 |
| 650 #7 - SUBJECT ADDED ENTRY--TOPICAL TERM | |
| Topical term or geographic name as entry element | Information technology |
| General subdivision | Political aspects. |
| Source of heading or term | BUEsh |
| 9 (RLIN) | 37779 |
| 651 ## - SUBJECT ADDED ENTRY--GEOGRAPHIC NAME | |
| Source of heading or term | BUEsh |
| 653 ## - INDEX TERM--UNCONTROLLED | |
| Resource For college | Communication and mass media |
| Arrived date list | April2015 |
| 655 ## - INDEX TERM--GENRE/FORM | |
| Form subdivision | |
| -- | 34232 |
| 942 ## - ADDED ENTRY ELEMENTS (KOHA) | |
| Source of classification or shelving scheme | Dewey Decimal Classification |
| Withdrawn status | Item status | Source of classification or shelving scheme | Damaged status | Not for loan | Vendor | Home library | Current library | Shelving location | Date acquired | Source of acquisition | Serial Enumeration / chronology | Inventory number | Total Checkouts | Total Renewals | Full call number | Barcode | Date last seen | Date last borrowed | Cost, replacement price | Koha item type |
|---|---|---|---|---|---|---|---|---|---|---|---|---|---|---|---|---|---|---|---|---|
| Dewey Decimal Classification | Alahram | Central Library | Central Library | First floor | 29/04/2015 | 288 | 331 | 4 | 27 | 303.4833 WHI | 000038091 | 15/07/2025 | 28/02/2019 | 360.00 | Book - Borrowing |